000 00795cab a2200229 4500
001 WB3323-13
008 090401t1997 xxu||||| |||| 00| 0 eng d
035 _a(Sirsi) u78898
041 _aeng
245 _aFlexible line for regions
260 _c1997
350 _a0
490 _aFinancial Times
_v12 June 1997, 11
490 _aDoE News Release
_v(214) 11 June 1997, (9)
520 _aAs Government seeks response to an issues paper on the proposed regional development agencies (RDAs), outline plans show a flexible approach to fit regional circumstances. Copy of issues paper attached.
650 _aCOMPETITIVENESS
650 _aECONOMIC DEVELOPMENT
650 _aREGIONAL DEVELOPMENT AGENCIES
690 _aPROPERTY-PROPERTY DEVELOPMENT
942 _n0
948 _c12/06/1997
999 _c49587
_d49587